000 00647nam a22002057a 4500
003 JO-AjAnu
005 20240325121411.0
008 240325b jo ||||| |||| 00| 0 ara d
020 _a4-452-486-614-978
040 _aJO-AjAnu
_cJO-AjAnu
041 0 _aara
050 _aPJ7838
_b2023
100 1 _aالرمحي، محمود جميل
_965118
_eمؤلف
245 0 _aقبل البدء فنتازيا ملحمية /
_cتأليف محمود جميل الرمحي
250 _aالطبعة الاولى
260 _aعمان :
_bدار الفارس،
_c2023
300 _a359صفحة
650 7 0 _aروايات
_916050
942 _2lcc
_cBK
_n0
999 _c33338
_d33338